| 000 | 01014nam a2200217Ia 4500 | ||
|---|---|---|---|
| 001 | 11725 | ||
| 003 | GE_BSU | ||
| 008 | 181216s||||||||xx |||||||||||||| ||und|| | ||
| 040 | _cGE_BSU | ||
| 080 | _a37.01+371+37.03 | ||
| 100 | _aუშინსკი,კ.დ. Ушинский,К. Д. | ||
| 245 | _aრჩეული პედაგოგიური თხზულებანი.ტ.1. Избранные педагогические сочинения. | ||
| 245 | _cტომის შემდგ. და რედ:დ.ლორთქიფანიძე; თარგმ:ლ.კალანდაძის. | ||
| 260 | _aთბილისი | ||
| 260 | _bინ-ტის გამ-ბა | ||
| 260 | _c1954 | ||
| 300 | _a352გვ;22სმ. | ||
| 300 | _bსახელთა საძიებ.გვ:350 | ||
| 653 | _aრჩეული პედაგოგიური თხზულებანი.ტ.1. Избранные педагогические сочинения. | ||
| 942 | _cBK | ||
| 999 |
_c44906 _d44906 |
||